<?xml version="1.0" encoding="UTF-8"?>
<record
    xmlns:xsi="http://www.w3.org/2001/XMLSchema-instance"
    xsi:schemaLocation="http://www.loc.gov/MARC21/slim http://www.loc.gov/standards/marcxml/schema/MARC21slim.xsd"
    xmlns="http://www.loc.gov/MARC21/slim">

  <leader>03517nam a2200553Ia 4500</leader>
  <controlfield tag="001">179</controlfield>
  <controlfield tag="008">241029s9999    xx            000 0 und d</controlfield>
  <datafield tag="010" ind1=" " ind2=" ">
    <subfield code="a">156</subfield>
  </datafield>
  <datafield tag="041" ind1=" " ind2=" ">
    <subfield code="a">Espa&#xF1;ol</subfield>
  </datafield>
  <datafield tag="082" ind1=" " ind2=" ">
    <subfield code="a">NO APLICA</subfield>
  </datafield>
  <datafield tag="245" ind1=" " ind2="0">
    <subfield code="a">Deserci&#xF3;n escolar a partir de un embarazo no deseado en adolescentes de catorce (14) a diecisiete (17) a&#xF1;os de edad en el Liceo Kelbys Obreros de Paz, del a&#xF1;o escolar 2012-2013, Distrito Educativo 10-06 de Mendoza, del Municipio Santo Domingo Este, Rep&#xFA;blica Dominicana.</subfield>
  </datafield>
  <datafield tag="260" ind1=" " ind2=" ">
    <subfield code="a">Santo Domingo</subfield>
  </datafield>
  <datafield tag="300" ind1=" " ind2=" ">
    <subfield code="a">102</subfield>
  </datafield>
  <datafield tag="520" ind1=" " ind2=" ">
    <subfield code="a">9</subfield>
  </datafield>
  <datafield tag="630" ind1=" " ind2=" ">
    <subfield code="a">Deserci&#xF3;n Estudiantil</subfield>
  </datafield>
  <datafield tag="630" ind1=" " ind2=" ">
    <subfield code="a">Docentes</subfield>
  </datafield>
  <datafield tag="630" ind1=" " ind2=" ">
    <subfield code="a">Embarazo en la Adolescencia</subfield>
  </datafield>
  <datafield tag="650" ind1=" " ind2=" ">
    <subfield code="a">Gesti&#xF3;n Educativa</subfield>
  </datafield>
  <datafield tag="690" ind1=" " ind2=" ">
    <subfield code="a">Sintetizado</subfield>
  </datafield>
  <datafield tag="700" ind1=" " ind2=" ">
    <subfield code="e">asesor</subfield>
    <subfield code="a">Hern&#xE1;ndez , F&#xE9;lix</subfield>
  </datafield>
  <datafield tag="700" ind1=" " ind2=" ">
    <subfield code="e">autor</subfield>
    <subfield code="a">Molina S&#xE1;nchez, Carmen E.</subfield>
  </datafield>
  <datafield tag="700" ind1=" " ind2=" ">
    <subfield code="e">autor</subfield>
    <subfield code="a">Aybar Ram&#xED;rez , Mildry</subfield>
  </datafield>
  <datafield tag="901" ind1=" " ind2=" ">
    <subfield code="a">{"1":"Molina S&#xE1;nchez","2":"Aybar Ram&#xED;rez "}</subfield>
    <subfield code="b">{"1":"Carmen E.","2":"Mildry"}</subfield>
  </datafield>
  <datafield tag="902" ind1=" " ind2=" ">
    <subfield code="a">1</subfield>
  </datafield>
  <datafield tag="903" ind1=" " ind2=" ">
    <subfield code="a">{"1":"Hern&#xE1;ndez "}</subfield>
    <subfield code="b">{"1":"F&#xE9;lix"}</subfield>
  </datafield>
  <datafield tag="904" ind1=" " ind2=" ">
    <subfield code="a">Maestr&#xED;a en</subfield>
  </datafield>
  <datafield tag="905" ind1=" " ind2=" ">
    <subfield code="a">Gesti&#xF3;n Educativa</subfield>
  </datafield>
  <datafield tag="906" ind1=" " ind2=" ">
    <subfield code="a">2</subfield>
  </datafield>
  <datafield tag="907" ind1=" " ind2=" ">
    <subfield code="a">NO APLICA</subfield>
  </datafield>
  <datafield tag="908" ind1=" " ind2=" ">
    <subfield code="a">NO APLICA</subfield>
  </datafield>
  <datafield tag="909" ind1=" " ind2=" ">
    <subfield code="a">Universidad Nacional Evang&#xE9;lica (UNEV), Recinto Santo Domingo</subfield>
  </datafield>
  <datafield tag="910" ind1=" " ind2=" ">
    <subfield code="a">NULL</subfield>
    <subfield code="b">NULL</subfield>
  </datafield>
  <datafield tag="911" ind1=" " ind2=" ">
    <subfield code="a">["1"]</subfield>
  </datafield>
  <datafield tag="912" ind1=" " ind2=" ">
    <subfield code="a">NO APLICA</subfield>
  </datafield>
  <datafield tag="913" ind1=" " ind2=" ">
    <subfield code="a">NULL</subfield>
  </datafield>
  <datafield tag="914" ind1=" " ind2=" ">
    <subfield code="a">01 de Noviembre de 2013</subfield>
  </datafield>
  <datafield tag="915" ind1=" " ind2=" ">
    <subfield code="a">28/11/19 08:11</subfield>
  </datafield>
  <datafield tag="916" ind1=" " ind2=" ">
    <subfield code="a">NULL</subfield>
  </datafield>
  <datafield tag="917" ind1=" " ind2=" ">
    <subfield code="a">NULL</subfield>
  </datafield>
  <datafield tag="918" ind1=" " ind2=" ">
    <subfield code="a">NO APLICA</subfield>
  </datafield>
  <datafield tag="919" ind1=" " ind2=" ">
    <subfield code="a">["64","70","87"]</subfield>
  </datafield>
  <datafield tag="520" ind1=" " ind2=" ">
    <subfield code="a">El prop&#xF3;sito &#xA0;principal &#xA0;de este estudio consisti&#xF3; en determinar la deserci&#xF3;n escolar en adolescentes embarazadas sin importar la consecuencia en el Liceo Kelvin Obrero de Paz del Distrito 10-06 de Mendoza del a&#xF1;o escolar 2012-2013, de la Provincia Santo Domingo Este R.D.La metodolog&#xED;a utilizada fue de enfoque cualitativo. Se fundament&#xF3; en la observaci&#xF3;n, en la encuesta y el entrevista y como t&#xE9;cnicas se utiliz&#xF3; un cuestionario y el an&#xE1;lisis cuidando la identidad de las adolescentes. &#xA0;Comprendida esta y otra circunstancias anteriores nos proponemos determinar las causas o situaciones que conducen a la deserci&#xF3;n escolar a las adolescentes en edades comprendidas de catorce (14) a diecisiete (17) a&#xF1;os de edad Liceo Kelvin Obrero de Paz del Distrito 10-06 de Mendoza del a&#xF1;o escolar 2012-2013 de la Provincia Santo Domingo Este R.D.En nuestra investigaci&#xF3;n se analizan diferentes teor&#xED;as cient&#xED;ficas para con esto llegar a conclusiones precisas y poder brindar pr&#xE1;cticos y te&#xF3;ricos con mira a buscar soluciones en la problem&#xE1;tica de la deserci&#xF3;n escolar en adolescentes embarazada.El estudio concluy&#xF3;, que la deserci&#xF3;n escolar en adolescentes embarazadas trae muchas consecuencias para la madre y para el ni&#xF1;o o la ni&#xF1;a que ha de venir al mundo, comprende que en nuestro pa&#xED;s (R.D) son muchas las puertas que se abren para estudiar. Pero por otra parte, se entiende que son menos las oportunidades que se le presentan a nuestros j&#xF3;venes a la hora de tener su primer empleo, ya sea por la edad o por falta de oportunidades, circunstancias que trae como consecuencias que la situaci&#xF3;n econ&#xF3;micas se agudice a&#xFA;n m&#xE1;s.El estudio recomend&#xF3;, que los Centros Educativos preparen mejor a los j&#xF3;venes y que las Instituciones les abran las puertas para as&#xED; contribuyan con sus estudios superiores de ellos y con la econom&#xED;a del pa&#xED;s.&#xA0; &#xA0;</subfield>
  </datafield>
  <datafield tag="921" ind1=" " ind2=" ">
    <subfield code="a">16</subfield>
  </datafield>
  <datafield tag="922" ind1=" " ind2=" ">
    <subfield code="a">16</subfield>
  </datafield>
  <datafield tag="923" ind1=" " ind2=" ">
    <subfield code="a">0</subfield>
  </datafield>
  <datafield tag="924" ind1=" " ind2=" ">
    <subfield code="a">NO APLICA</subfield>
  </datafield>
  <datafield tag="942" ind1=" " ind2=" ">
    <subfield code="c">Tesis</subfield>
  </datafield>
  <datafield tag="999" ind1=" " ind2=" ">
    <subfield code="c">156</subfield>
    <subfield code="d">156</subfield>
  </datafield>
</record>
